Sports Quiz

Random Sports or Logo Quiz

Odd Color Out: NFL Logos Quiz Stats

 Plays Quiz Updated Apr 2, 2018

Score 0/20 Timer 03:00
1 Play Today
Question Answer Wrong Answers
Oakland Raiders Blue
87.9%
Grey
2.3%
Black
1.4%
White
1.2%
Cleveland Browns Green
87.4%
White
1.4%
Brown
2%
Orange
2%
Detroit Lions Orange
86.9%
White
1.1%
Blue
1.6%
Grey
3.1%
Denver Broncos Purple
85.9%
Orange
1.6%
Blue
4.2%
White
1.2%
Philadelphia Eagles Orange
85.6%
Grey
3.1%
Green
2.4%
Black
1.7%
Green Bay Packers Orange
84.3%
Gold
5.8%
Green
1.1%
White
1.4%
Baltimore Ravens Green
82.3%
White
2.3%
Purple
2.6%
Gold
5.6%
Kansas City Chiefs Blue
82.1%
Red
1.8%
Black
7.9%
White
1%
Pittsburgh Steelers Purple
81.2%
Yellow
1.3%
Red
9.6%
Black
1%
Atlanta Falcons Blue
79.8%
Grey
9.5%
Red
2%
Black
1.4%
New Orleans Saints Beige
79.6%
Gold
2.6%
Black
2.2%
White
8.4%
Jacksonville Jaguars Red
78.5%
Blue
8.3%
Gold
3.9%
Black
2%
Houston Texans Black
76.7%
Blue
7.5%
White
5.4%
Red
3%
Arizona Cardinals Orange
76%
Yellow
12.9%
Black
2.6%
Red
1.2%
Miami Dolphins Yellow
75.8%
Orange
5.3%
Blue
9.8%
White
2%
Minnesota Vikings Brown
74.1%
White
14.8%
Purple
1.6%
Yellow
2.4%
Chicago Bears Red
72.4%
White
3%
Blue
9.7%
Orange
7.7%
Washington Redskins Grey
70.3%
Yellow
5.6%
Black
14.5%
White
2.6%
New England Patriots Black
69.3%
Blue
1.6%
Red
2.5%
Grey
19.5%
Tampa Bay Buccaneers Yellow
54.2%
Orange
28.3%
White
4.1%
Red
6.2%

You're not logged in!

Compare scores with friends on all Sporcle quizzes.
OR
Log In

You Might Also Like...

Show Comments

Extras

Top Quizzes Today


Score Distribution

Your Account Isn't Verified!

In order to create a playlist on Sporcle, you need to verify the email address you used during registration. Go to your Sporcle Settings to finish the process.

Report this User

Report this user for behavior that violates our Community Guidelines.

Details: